| 000 | 00943cab a2200265 4500 | ||
|---|---|---|---|
| 001 | WB2827-34 | ||
| 008 | 090401t1992 xxu||||| |||| 00| 0 eng d | ||
| 035 | _a(Sirsi) u55564 | ||
| 041 | _aeng | ||
| 245 | _aCongreve Horner case | ||
| 260 | _c1992 | ||
| 350 | _a0 | ||
| 490 |
_aRICS Press Release _v(90) 9 July 1992 (2) |
||
| 520 | _aCongreve Horner has won its appeal against the firm`s professional indemnity insurers, who had refused to pay a claim involving a trainee surveyor, who the insurers maintained had been inadequately supervised. The RICS backed the appeal financially. | ||
| 650 | _aCONGREVE HORNER | ||
| 650 | _aINDEPENDENT INSURANCE COMPANY | ||
| 650 | _aPROFESSIONAL INDEMNITY INSURANCE | ||
| 650 | _aPROFESSIONAL NEGLIGENCE | ||
| 650 | _aRICS | ||
| 650 | _aSUPERVISION | ||
| 650 | _aTRAINEE SURVEYOR | ||
| 690 | _aMANAGEMENT-BUSINESS MANAGEMENT-PROFESSIONAL PRACTICE | ||
| 942 | _n0 | ||
| 948 | _c04/03/1997 | ||
| 999 |
_c33955 _d33955 |
||